书目信息 |
| 题名: |
仙剑问情
|
|
| 作者: | 管平潮 著 | |
| 分册: | 上 | |
| 出版信息: | 石家庄 花山文艺出版社 2009.02 |
|
| 页数: | 264页 | |
| 开本: | 23cm | |
| 丛书名: | ||
| 单 册: | ||
| 中图分类: | I247.5 | |
| 科图分类: | ||
| 主题词: | 长篇小说--中国--当代 | |
| 电子资源: | ||
| ISBN: | 978-7-80755-501-8 | |
| 000 | 00842nam0 2200217 450 | |
| 005 | 20100620082253.32 | |
| 010 | @a978-7-80755-501-8@dCNY26.00 | |
| 100 | @a20100515d2009 em y0chiy0110 ea | |
| 101 | 0 | @achi |
| 102 | @aCN@b370000 | |
| 102 | @aCN@b130000 | |
| 105 | @ay z 000ay | |
| 200 | 1 | @a仙剑问情@Axian jian wen qing@e大结局@h上@f管平潮著 |
| 210 | @a石家庄@c花山文艺出版社@d2009.02 | |
| 215 | @a264页@d23cm | |
| 330 | @a本书一大亮点便是管大清新优美的文笔,流露着浓浓的古典韵味,洒脱淡雅的小说情节透露着出世复入世的随意:另一大亮点则在于人物的刻画,张醒言的成长,那种平时惫懒,关键时划又分外有担当的性格在作者笔下活灵活现,尤其琼肜的活泼可爱跃然纸上,令人读之欣然,若闻芝兰。 | |
| 606 | 0 | @a长篇小说@y中国@z当代 |
| 690 | @aI247.5@v4 | |
| 701 | 0 | @a管平潮@Aguan ping chao@4著 |
| 801 | 0 | @aCN@c20100515 |
| 905 | @dI247.5@eG568-2:1@f3 | |
| 仙剑问情:大结局.上/管平潮著.-石家庄:花山文艺出版社,2009.02 |
| 264页;23cm |
| ISBN 978-7-80755-501-8:CNY26.00 |
| 本书一大亮点便是管大清新优美的文笔,流露着浓浓的古典韵味,洒脱淡雅的小说情节透露着出世复入世的随意:另一大亮点则在于人物的刻画,张醒言的成长,那种平时惫懒,关键时划又分外有担当的性格在作者笔下活灵活现,尤其琼肜的活泼可爱跃然纸上,令人读之欣然,若闻芝兰。 |
| ● |
| 相关链接 |
|
|
|
正题名:仙剑问情
索取号:I247.5/G568-2:1
 
预约/预借
| 序号 | 登录号 | 条形码 | 馆藏地/架位号 | 状态 | 备注 |